LEADER 02427njm a2200601 a 4500
001 000265001
003 CZ BrMZK
005 20160629160838.0
008 950101s1991 xr f cze d
028 0 3 |a 31 0084-1 311  |b Multisonic 
040 |a BOA001  |b cze 
080 |a 784.7"199":796.54(086.7)  |2 MRF 
245 0 0 |a Vlajka vzhůru letí  |h [zvukový záznam] 
246 3 3 |a Poslední míle 
246 3 3 |a Proklatá fordka 
246 3 3 |a Sluneční loď 
246 3 3 |a V hospůdce pod skalou 
246 3 3 |a V tomhle mrtvým buši 
246 3 3 |a Vlajka vzhůru letí 
246 3 3 |a Všem dívkám 
246 3 3 |a Všem, kdo byli správní trampi 
246 3 3 |a Důl Mc Laren 
246 3 3 |a Jen ty jediná 
246 3 3 |a Kdo mi zatlačí oči 
246 3 3 |a Poraněný koleno 
260 |a Praha :  |b Multisonic,  |c p1991 
300 |a 1 LP deska :  |b 33 ot/min, stereo ;  |c 30 cm 
490 1 |a Niagara Falls 
500 |a Nahr. 1991 
500 |a Durata neuv 
505 2 |a Důl Mc Laren, Jen ty jediná, Kdo mi zatlačí oči ... [et al.] 
511 0 |a Kapitan Kid, zpěv; Jan Vyčítal, zpěv; Wabi Ryvola, zpěv ... [et al.]. Duo červánek; Pacifik; Akáty ... [et al.] 
653 0 |a trampské písně 
700 0 |a Kapitán Kid,  |d 1932-2012  |7 jo2002159933  |4 prf 
700 1 |a Ryvola, Wabi,  |d 1935-1995  |7 jn20000402165  |4 prf 
700 1 |a Ryvola, Miki,  |d 1942-  |7 jk01103431  |4 prf 
700 1 |a Vyskočil, Vráťa,  |d 1949-  |7 jx20050627010  |4 prf 
700 1 |a Vyčítal, Jan,  |d 1942-2020  |7 jk01151124  |4 prf 
710 2 |a Staří Zavináči Mourka Haffana (hudební skupina)  |7 mzk2008451444  |4 prf 
710 2 |a Tornádo (hudební skupina)  |7 xx0046933 
710 2 |a Veteráni (hudební skupina)  |7 kn20010710373  |4 prf 
710 2 |a Akáty (hudební skupina)  |7 kn20010709230  |4 prf 
710 2 |a Duo Červánek  |7 ko2004238798  |4 prf 
710 2 |a Duo Eda & Eda (hudební skupina)  |4 prf 
710 2 |a Luisiana (hudební skupina)  |4 prf 
710 2 |a Pacifik (hudební skupina)  |7 mzk2002160200  |4 prf 
710 2 |a Soubor osady Údolí děsu (hudební skupina)  |7 xx0026063  |4 prf 
830 0 |a Niagara Falls 
856 4 1 |u http://www.digitalniknihovna.cz/mzk/uuid/uuid:884b18ab-160b-4710-ac0d-f90729a484a3  |y Digitalizovaný dokument 
910 |a BOA001  |b LP-0000.148 
964 |a Písně trampské  |z stol.20.,léta 90.  |x LP 
990 |a AV 
996 6 |b 261H000150  |c LP-0000.148  |l MZK  |r Sklad / do 24 hodin  |n 0  |w 000265001  |u 000010  |a 1  |e BOA001  |j MZK50  |s P